书目信息 |
| 题名: |
人财两旺
|
|
| 作者: | 周毅 主编 | |
| 分册: | ||
| 出版信息: | 北京 中国文联出版公司 2005 |
|
| 页数: | 222页 | |
| 开本: | 21cm | |
| 丛书名: | ||
| 单 册: | ||
| 中图分类: | TS976.15 | |
| 科图分类: | ||
| 主题词: | 家庭管理--财务管理 | |
| 电子资源: | ||
| ISBN: | 7-5059-4842-3 | |
| 000 | 01004nam0 2200301 450 | |
| 000 | 00967nam0 2200289 450 | |
| 000 | 00936nam0 2200289 450 | |
| 000 | 00882nam0 2200265 450 | |
| 000 | 00911nam0 2200253 450 | |
| 000 | 00874nam0 2200241 45 | |
| 001 | TS2006026707 | |
| 005 | 20061216110321.87 | |
| 010 | @a7-5059-4842-3@dCNY22.00 | |
| 100 | @a20060829d2005 ekmy0chiy0120 ea | |
| 101 | 0 | @achi |
| 102 | @aCN@b110000 | |
| 105 | @aa z 000yy | |
| 200 | 1 | @a人财两旺@ARen Cai Liang Wang@e好日子怎么过@EHao Ri Zi Zen Me Guo@f周毅主编@FZhou Yi Zhu Bian |
| 210 | @a北京@c中国文联出版公司@d2005 | |
| 215 | @a222页@c图@d21cm | |
| 330 | @a本书从理财这样一个切入点给想过好日子的人们提供了一套实用完整的致富之路。 | |
| 606 | 0 | @a家庭管理@x财务管理 |
| 690 | @aTS976.15@v4 | |
| 701 | 0 | @a周毅@AZhou Yi@4主编 |
| 801 | 0 | @aCN@b中图数据@c20061216 |
| 905 | @a10447@dTS976.15@e193 | |
| 人财两旺:好日子怎么过/周毅主编.-北京:中国文联出版公司,2005 |
| 222页:图;21cm |
| ISBN 7-5059-4842-3:CNY22.00 |
| 本书从理财这样一个切入点给想过好日子的人们提供了一套实用完整的致富之路。 |
| ● |
| 相关链接 |
|
|
|
|
正题名:人财两旺
索取号:TS976.15/193
 
预约/预借
| 序号 | 登录号 | 条形码 | 馆藏地/架位号 | 状态 | 备注 |
| 1 | 0618723 | 206187231 | 第二样本阅览室/ [索取号:TS976.15/193] | 在馆 | |
| 2 | 0618724 | 206187240 | 第三借阅区/ [索取号:TS976.15/193] | 在馆 | |
| 3 | 0618725 | 206187259 | 第三借阅区/ [索取号:TS976.15/193] | 在馆 | |
| 4 | 0618726 | 206187268 | 第三借阅区/ [索取号:TS976.15/193] | 在馆 | |
| 5 | 0618727 | 206187277 | 第三借阅区/ [索取号:TS976.15/193] | 在馆 | |
| 6 | 0618728 | 206187286 | 第三借阅区/ [索取号:TS976.15/193] | 在馆 |